000 00631nam a2200205Ia 4500
005 20230313095539.0
008 131103s9999 xx 000 0 und d
040 _aLoreto College
041 _aEnglish
082 _a822.33
_bSHA-MUI
245 _aShakespeare survey
_b an annual survey of Shakespearian study and production
_cEdited by Kenneth Muir
260 _aCambridge
_bCambridge University Press
_c1967
300 _aV.20
_b ill.,plates
504 _aIncludes index
650 _aEnglish Drama
651 _aShakespeare,William - Othello - Criticism
700 _aMuir, Kenneth; ed.
850 _aLCLIB
942 _cBK
999 _c21629
_d72108